LIBRARY & INFORMATION CENTRE, KCAET, TAVANUR

ONLINE PUBLIC ACCESS CATALOGUE (OPAC)

Policy Reform & Adjustment in the Agricultural Sectors of Developed Countries (Record no. 14213)

MARC details
000 -LEADER
fixed length control field 00332nam a22001217a 4500
020 ## - INTERNATIONAL STANDARD BOOK NUMBER
ISBN 1845930339
082 ## - DEWEY DECIMAL CLASSIFICATION NUMBER
Classification number 338.18091722
Item number BLA / PO
100 ## - MAIN ENTRY--AUTHOR NAME
Personal name Hill. B
-- Blandford. D
245 ## - TITLE STATEMENT
Title Policy Reform & Adjustment in the Agricultural Sectors of Developed Countries
260 ## - PUBLICATION, DISTRIBUTION, ETC. (IMPRINT)
Place of publication London
Name of publisher Cabi
Year of publication 2006
300 ## - PHYSICAL DESCRIPTION
Number of Pages 279
942 ## - ADDED ENTRY ELEMENTS (KOHA)
Koha item type Books
Holdings
Withdrawn status Lost status Damaged status Collection code Home library Current library Shelving location Date acquired Source of acquisition Cost, normal purchase price Full call number Accession Number Koha item type
        KAUAET KAUAET General Stacks 04/06/2016 SouthernBook Center, Tvm 6539.00 338.18091722 BLA / PO 24913 Books
free website counter